|
|
|
|
| LEADER |
00000nab a2200000 a 4500 |
| 001 |
vtls000728622 |
| 003 |
SK-MaSNL |
| 005 |
20260304195402.0 |
| 008 |
180206c2000 xo 0 slo |
| 015 |
|
|
|a SNBRB2000/08-20944
|
| 035 |
|
|
|a CLN000080768
|
| 040 |
|
|
|a SNKBUCL
|b slo
|c SNKBUCL
|e AACR2
|
| 041 |
0 |
|
|a slo
|
| 044 |
|
|
|a xo
|c SK
|
| 080 |
|
|
|a 658.114.012.43
|2 UDC-MRF-SK2
|
| 100 |
1 |
|
|a Veščičík, Milan
|4 aut
|9 873081
|
| 245 |
1 |
0 |
|a Kto neriadi ekonomickú efektívnosť firmy, neriadi firmu vôbec
|c Milan Veščičík
|
| 650 |
0 |
7 |
|a firmy
|x efektívnosť
|x manažment krízový
|2 snkbucl
|9 1530082
|
| 650 |
0 |
7 |
|a efektívnosť
|2 snkbucl
|9 279683
|
| 650 |
0 |
7 |
|a krízový manažment
|2 snkbucl
|9 4171
|
| 655 |
|
7 |
|a články z novín a časopisov
|2 snkbucl
|9 267496
|
| 773 |
0 |
|
|x 1335-0684
|t Trend
|g Roč. 10, č. 25 (2000), s. 14A
|
| 850 |
|
|
|a Slovenská národná knižnica v Martine
|
| 852 |
|
|
|a SNK
|b KIS3GCP
|
| 958 |
|
|
|a RBX
|
| 999 |
|
|
|c 3081213
|d 3083143
|